000 00373 a2200193 4500
260 _bFAO
245 _aPrévention des mycotoxines
300 _a55p.
260 _aRome
260 _c1979
130 _lFr.
710 _aFAO
690 _amycotoxine
690 _aaflatoxine
690 _achampignon
020 _a92-5-200703-2
999 _c20922
_d20922